00898nam a2200217 a 450000100060000000300090000600800410001502000180005604000280007408200160010210000540011811001050017224500670027726000650034430000110040959000370042065000430045794200120050099900170051295201510052915937CO-ViMGA141112s2004 ck r 000 u spa d a9589589509681 aCO-ViMGAbspacCO-ViMGA04a361.2 S355f1 aMinisterio de trabajo y seguridad social, 922875 aMemorias del seminario internacional sobre rehabilitación del minusvalido . Bogotá , 198592287610aFormación y trabajo : bCamino hacia la integración social aBogotá, cMinisterio de trabajo y seguridad social, c1985 a206.p. aForma de adquisición : 15.00014aMINUSVALIDOS - SEGURIDAD SOCIAL922877 2ddccBK c25935d25935 00102ddc40708002aMEVIECARbMEVIECARd2015-12-04hVolumen. 1 | 11/jun/2009l0o361.2 S355f p15937r2015-12-04 00:00:00tEj. 1w2015-12-04yBK